[Event "HUN-chT2 Breyer 2324"]
[Site "Hungary"]
[Date "2023.10.29"]
[Round "2.10"]
[White "Forgacs, Arpad"]
[Black "Kosa, Andras Jozsef"]
[Result "1/2-1/2"]
[WhiteElo "1553"]
[BlackElo "1837"]
[PlyCount "39"]
[EventDate "2023.10.08"]
[EventType "team-tourn"]
[EventRounds "9"]
[EventCountry "HUN"]
[SourceTitle "EXT 2025"]
[Source "ChessBase"]
[SourceDate "2024.10.14"]
[SourceVersion "1"]
[SourceVersionDate "2024.10.14"]
[SourceQuality "1"]
[WhiteTeam "Nyergesujfalu"]
[BlackTeam "Tatabanya Turul"]
[WhiteTeamCountry "HUN"]
[BlackTeamCountry "HUN"]

1. d4 Nf6 2. Nf3 g6 3. Bf4 Bg7 4. e3 d6 5. Bd3 Bg4 6. Nbd2 0-0 7. h3 Bd7 8. c3 Re8 9. Qe2 Nc6 10. e4 e5 11. dxe5 dxe5 12. Bh2 Nh5 13. Qe3 a6 14. Bc4 Be6 15. 0-0-0 Qe7 16. g4 Bxc4 17. Nxc4 b5 18. gxh5 bxc4 19. hxg6 fxg6 20. Rd5 1/2-1/2

[Event "HUN-chT2 Breyer 2223"]
[Site "Hungary"]
[Date "2023.02.12"]
[Round "7.10"]
[White "Forgacs, Arpad"]
[Black "Sandor, Jozsef"]
[Result "1/2-1/2"]
[WhiteElo "1528"]
[BlackElo "1863"]
[PlyCount "31"]
[EventDate "2022.10.16"]
[EventType "team-tourn"]
[EventRounds "11"]
[EventCountry "HUN"]
[SourceTitle "EXT 2025"]
[Source "ChessBase"]
[SourceDate "2024.10.14"]
[SourceVersion "1"]
[SourceVersionDate "2024.10.14"]
[SourceQuality "1"]
[WhiteTeam "Nyergesujfalu"]
[BlackTeam "Varosgazda Akademia"]
[WhiteTeamCountry "HUN"]
[BlackTeamCountry "HUN"]

1. d4 d6 2. Nf3 Nd7 3. Bf4 Ngf6 4. e3 Nh5 5. c3 Nxf4 6. exf4 Nb6 7. Bd3 g6 8. Nbd2 Bh6 9. g3 Bh3 10. Qc2 Qd7 11. 0-0-0 0-0-0 12. Ng5 Bxg5 13. fxg5 Bf5 14. Bxf5 Qxf5 15. Qxf5+ gxf5 16. Rde1 1/2-1/2

[Event "HUN-chT2 Breyer 2223"]
[Site "Hungary"]
[Date "2022.10.16"]
[Round "1.10"]
[White "Nagy, Aron"]
[Black "Forgacs, Arpad"]
[Result "1-0"]
[WhiteElo "2124"]
[BlackElo "1528"]
[PlyCount "59"]
[EventDate "2022.10.16"]
[EventType "team-tourn"]
[EventRounds "11"]
[EventCountry "HUN"]
[SourceTitle "EXT 2025"]
[Source "ChessBase"]
[SourceDate "2024.10.14"]
[SourceVersion "1"]
[SourceVersionDate "2024.10.14"]
[SourceQuality "1"]
[WhiteTeam "Biatorbagy II"]
[BlackTeam "Nyergesujfalu"]
[WhiteTeamCountry "HUN"]
[BlackTeamCountry "HUN"]

1. d4 d5 2. Bf4 Nf6 3. e3 Bf5 4. c4 e6 5. Nc3 Bb4 6. Qb3 Bxc3+ 7. bxc3 Qc8 8. Nf3 Nbd7 9. cxd5 exd5 10. c4 c6 11. cxd5 Nxd5 12. Bd6 h6 13. Be2 N7f6 14. 0-0 Ne4 15. Ba3 Be6 16. Qc2 Ndf6 17. Ne5 Qc7 18. Rab1 Rd8 19. Bc4 Bxc4 20. Nxc4 Rd5 21. f3 Ng5 22. Rfd1 Ne6 23. Qc3 Rh5 24. Nd6+ Kd7 25. Rxb7 Nd5 26. Rxc7+ Nexc7 27. Qd3 Ne7 28. Nxf7 Rf8 29. Ne5+ Kd8 30. g4 1-0

[Event "HUN-chT2 Breyer 2122"]
[Site "Hungary"]
[Date "2022.03.20"]
[Round "8.9"]
[White "Botlik, Bela"]
[Black "Forgacs, Arpad"]
[Result "1-0"]
[WhiteElo "1982"]
[BlackElo "1535"]
[PlyCount "61"]
[EventDate "2021.10.10"]
[EventType "team-tourn"]
[EventRounds "9"]
[EventCountry "HUN"]
[SourceTitle "EXT 2025"]
[Source "ChessBase"]
[SourceDate "2024.10.14"]
[SourceVersion "1"]
[SourceVersionDate "2024.10.14"]
[SourceQuality "1"]
[WhiteTeam "Varosgazda Akademia"]
[BlackTeam "Nyergesujfalu"]
[WhiteTeamCountry "HUN"]
[BlackTeamCountry "HUN"]

1. d4 d5 2. Nc3 Bf5 3. Bf4 e6 4. f3 Nf6 5. g4 Bg6 6. h4 h6 7. e3 c6 8. h5 Bh7 9. Bd3 Bxd3 10. Qxd3 Bd6 11. Nge2 Qc7 12. 0-0-0 Nbd7 13. Rdg1 0-0-0 14. Bg3 e5 15. Qf5 Kb8 16. Bh4 Rde8 17. f4 exf4 18. exf4 b5 19. a3 a5 20. g5 hxg5 21. fxg5 Rxh5 22. Qf3 Reh8 23. gxf6 Rxh4 24. Rxh4 Rxh4 25. fxg7 Bf4+ 26. Nxf4 Rxf4 27. g8Q+ Kb7 28. Nxd5 cxd5 29. Qxd5+ Kb6 30. Qgg5 Rf2 31. Qxb5+ 1-0